GETS Theological Seminary Library

Archetypes of conversion: (Record no. 2801)

MARC details
000 -LEADER
fixed length control field 00672nam a2200193Ia 4500
008 - FIXED-LENGTH DATA ELEMENTS--GENERAL INFORMATION
fixed length control field 200812s9999 xx 000 0 und d
020 ## - INTERNATIONAL STANDARD BOOK NUMBER
International Standard Book Number 1625646941
020 ## - INTERNATIONAL STANDARD BOOK NUMBER
International Standard Book Number 9781625646941
041 ## - LANGUAGE CODE
Language code of text/sound track or separate title eng
050 ## - LIBRARY OF CONGRESS CALL NUMBER
Classification number BR1700.2
Item number .H34 1985
100 ## - MAIN ENTRY--PERSONAL NAME
Personal name Hawkins, Anne Hunsaker
245 ## - TITLE STATEMENT
Title Archetypes of conversion:
Remainder of title the autobiographies of augustine, bunyan, and merton /
Statement of responsibility, etc. Anne Hunsaker Hawkins
260 ## - PUBLICATION, DISTRIBUTION, ETC.
Place of publication, distribution, etc. [Place of publication not identified] :
Name of publisher, distributor, etc. Wipf & Stock Publishers,
Date of publication, distribution, etc. 1985
300 ## - PHYSICAL DESCRIPTION
Extent 191 p.
Other physical details ;
Dimensions 22 cm.
650 ## - SUBJECT ADDED ENTRY--TOPICAL TERM
Topical term or geographic name entry element Augustine, -- of Hippo, Saint, -- 354-430.
650 ## - SUBJECT ADDED ENTRY--TOPICAL TERM
Topical term or geographic name entry element Bunyan, John, -- 1628-1688.
650 ## - SUBJECT ADDED ENTRY--TOPICAL TERM
Topical term or geographic name entry element Merton, Thomas, -- 1915-1968.
Holdings
Withdrawn status Lost status Damaged status Not for loan Home library Current library Shelving location Date acquired Total Checkouts Full call number Barcode Date last seen Price effective from Koha item type
        GETS Theological Seminary Library GETS Theological Seminary Library General Stacks 08/12/2020   BR1700.2 .H34 1985 00001681 08/12/2020 08/12/2020 English Books
OpacCredits

Contact the Librarian, GETS Library
Email: library@mygets.org









Implemented by GETS Library
(Powered by ETCA Professional Group)
GETS Theological Seminary
412 E. Rowland Street, CA 91723